000 00562nam a22001571 4500
001 c 98000151
003 DLC
005 20260227111038.0
008 801210s1898 nju 00010 eng
010 _ac 98000151
050 0 _aTT977
_b.H22
100 1 0 _aHamm, Fred J.
245 0 4 _aThe tonsorial recipe book for barbers and druggists;
_bcontaining formulæ and all information necessary for compounding the various preparations used by the trade ...
_cBy Fred J. Hamm.
260 0 _aRahway, N.J.,
_bRahway publishing company,
_c1898.
300 _a123 p.
_c12 cm.
999 _c13117
_d13117